000 00659nam a2200241Ia 4500
003 OSt
005 20221005120750.0
006 a|||||r|||| 00| 0
007 ta
008 221004b |||||||| |||| 00| 0 eng d
024 _a37306
037 _cTextual
040 _aCRL
_cCRL
_beng
041 _2eng
_aeng
082 _aO:x, K21-;1
100 _aAuden W H Co.
_9629612
245 0 _aFaber book of aphorisms
_b A personal selection
260 _c1962
650 _aENGLISH LITERATURE
700 _a Kronenberger Louis Co.
_9629613
942 _hO:x, K21-;1
_cTEXL
_2cc
999 _c1039054
_d1039054